Normal view
MARC view
- O.P.Gupta
Entry Personal Name
001 - CONTROL NUMBER
- control field: 54233
003 - CONTROL NUMBER IDENTIFIER
- control field: NUST
005 - DATE AND TIME OF LATEST TRANSACTION
- control field: 20210421115921.0
008 - FIXED-LENGTH DATA ELEMENTS
- fixed length control field: 210421|| aca||aabn | a|a d
040 ## - CATALOGING SOURCE
- Original cataloging agency: NUST
- Transcribing agency: NUST
100 ## - HEADING--PERSONAL NAME
- Personal name: O.P.Gupta
670 ## - SOURCE DATA FOUND
- Source citation: Work cat.: (NUST): O.P.Gupta, Objective type questions and answers in Chemical Engineering, 2008
